[Event "GER-chT School WK 4"]
[Site "Playchess.com INT"]
[Date "2020.06.16"]
[Round "1.3"]
[White "Koehler, Theodor"]
[Black "Metzger, Felix"]
[Result "1-0"]
[WhiteElo "1694"]
[BlackElo "1620"]
[PlyCount "55"]
[EventDate "2020.06.16"]
[EventType "team-swiss (blitz)"]
[EventRounds "5"]
[EventCountry "GER"]
[SourceTitle "EXT 2021"]
[Source "ChessBase"]
[SourceDate "2020.10.23"]
[SourceVersion "1"]
[SourceVersionDate "2020.10.23"]
[SourceQuality "1"]
[WhiteTeam "Eppendorf Johanneum"]
[BlackTeam "Hamburg H Schmidt Gymn"]
[WhiteTeamCountry "GER"]
[BlackTeamCountry "GER"]

1. e4 e5 2. Nf3 Nc6 3. Bc4 Bb4 4. c3 Ba5 5. d3 Nf6 6. Nbd2 0-0 7. 0-0 d5 8. exd5 Nxd5 9. Re1 Re8 10. Nf1 Nxc3 11. bxc3 Bxc3 12. Qb3 Bd4 13. Bxf7+ Kh8 14. Bxe8 Bxa1 15. Bf7 Bd4 16. Nxd4 Nxd4 17. Qc3 Qf6 18. Qxd4 Qxf7 19. Qd8+ Qg8 20. Qxc7 Qxa2 21. Rxe5 Bg4 22. Qxb7 Rf8 23. f3 Bc8 24. Qe7 Kg8 25. Ba3 Qf7 26. Qxf7+ Rxf7 27. Re8+ Rf8 28. Rxf8# 1-0

[Event "GER-chT School WK 4"]
[Site "Playchess.com INT"]
[Date "2020.06.16"]
[Round "2.3"]
[White "Spranger, Tobias"]
[Black "Koehler, Theodor"]
[Result "1/2-1/2"]
[WhiteElo "1620"]
[BlackElo "1694"]
[PlyCount "45"]
[EventDate "2020.06.16"]
[EventType "team-swiss (blitz)"]
[EventRounds "5"]
[EventCountry "GER"]
[SourceTitle "EXT 2021"]
[Source "ChessBase"]
[SourceDate "2020.10.23"]
[SourceVersion "1"]
[SourceVersionDate "2020.10.23"]
[SourceQuality "1"]
[WhiteTeam "Berlin Kollwith Gymn"]
[BlackTeam "Eppendorf Johanneum"]
[WhiteTeamCountry "GER"]
[BlackTeamCountry "GER"]

1. c4 e5 2. Nc3 Nf6 3. g3 d5 4. cxd5 Nxd5 5. Bg2 Nb6 6. Nf3 Nc6 7. 0-0 Bf5 8. d3 Bd6 9. e4 Bg6 10. Be3 0-0 11. Qd2 Nd4 12. Nxd4 exd4 13. Bxd4 Bxg3 14. fxg3 Qxd4+ 15. Kh1 Nc4 16. Qf4 Ne3 17. Rf3 Nxg2 18. Kxg2 Qb4 19. Qd2 Rad8 20. Qc2 f5 21. Rd1 fxe4 22. Rxf8+ Rxf8 23. Nxe4 1/2-1/2

[Event "Hamburg-chB"]
[Site "Hamburg"]
[Date "2019.06.15"]
[Round "6"]
[White "Koehler, Theodor"]
[Black "Malchereck, Romeo"]
[Result "1/2-1/2"]
[WhiteElo "1164"]
[BlackElo "1244"]
[PlyCount "48"]
[EventDate "2019.06.08"]
[EventType "swiss"]
[EventRounds "7"]
[EventCountry "GER"]
[SourceTitle "EXT 2022"]
[Source "ChessBase"]
[SourceDate "2021.10.06"]
[SourceVersion "1"]
[SourceVersionDate "2021.10.06"]
[SourceQuality "1"]

1. e4 e5 2. Nf3 Nc6 3. Bc4 Bc5 4. c3 Nf6 5. d3 h6 6. Nbd2 0-0 7. Nf1 Ne7 8. Be3 Bxe3 9. fxe3 d6 10. Ng3 Ng6 11. 0-0 c6 12. h3 Be6 13. Bb3 Re8 14. Nd2 Qe7 15. Nf5 Bxf5 16. exf5 Nh8 17. Qf3 Rad8 18. e4 d5 19. Rfe1 dxe4 20. Nxe4 Nxe4 21. dxe4 Qf6 22. Qe3 b6 23. Rad1 Qe7 24. Rxd8 Rxd8 1/2-1/2